000 00441nam a2200205Ia 4500
005 20251020182540.0
008 200515s9999 xx 000 0 und d
082 _a728.71/B74
100 _aBORRELL, Javier LÁZARO, Armando
245 0 _aChalets
250 _a3a ed.
260 _aBarcelona
260 _c1975
300 _a290
500 _a1 ejemplar
650 _aLIB
650 _aPLANOS
650 _aVIVIENDAS
942 _cLIB
999 _c2365
_d2365